[Event "SN-2019-0-01004"]
[Site "LSS email"]
[Date "2019.12.06"]
[Round "?"]
[White "Gorman, Andrew"]
[Black "Ducharme, Steven"]
[Result "1/2-1/2"]
[WhiteElo "651"]
[BlackElo "716"]
[PlyCount "85"]
[EventDate "2019.11.15"]
[EventType "tourn (corr)"]
[EventRounds "6"]
[EventCountry "GER"]
[SourceTitle "Corr 2022"]
[Source "ChessBase"]
[SourceDate "2021.10.24"]
[SourceVersion "1"]
[SourceVersionDate "2021.10.24"]
[SourceQuality "1"]

1. e4 d6 2. d4 Nf6 3. Nc3 g6 4. Nf3 Bg7 5. Bf4 0-0 6. Bc4 Nbd7 7. 0-0 a6 8. e5 dxe5 9. dxe5 Nh5 10. Bg5 h6 11. e6 fxe6 12. Bxe6+ Kh7 13. Be3 Nb6 14. Qxd8 Rxd8 15. Bxc8 Raxc8 16. h3 Nc4 17. Bc5 Nxb2 18. Rab1 Bxc3 19. Bxe7 Rd7 20. Ba3 Nc4 21. Bc1 b5 22. Rb3 Bd2 23. Rd3 Rxd3 24. cxd3 Bxc1 25. dxc4 Bf4 26. cxb5 axb5 27. Nd4 c6 28. g3 Bxg3 29. fxg3 Nxg3 30. Rf3 Ne4 31. a3 Ng5 32. Re3 h5 33. Kg2 Nf7 34. Re7 Kg8 35. Ne6 Ra8 36. Rc7 Rxa3 37. Rc8+ Kh7 38. Rxc6 g5 39. Rb6 Ra2+ 40. Kg3 Ra3+ 41. Kg2 g4 42. hxg4 hxg4 43. Rxb5 1/2-1/2

[Event "SN-2019-0-01004"]
[Site "LSS email"]
[Date "2019.12.06"]
[Round "?"]
[White "Pauk, Jozef"]
[Black "Gorman, Andrew"]
[Result "1-0"]
[WhiteElo "657"]
[BlackElo "651"]
[PlyCount "49"]
[EventDate "2019.11.15"]
[EventType "tourn (corr)"]
[EventRounds "6"]
[EventCountry "GER"]
[SourceTitle "Corr 2022"]
[Source "ChessBase"]
[SourceDate "2021.10.24"]
[SourceVersion "1"]
[SourceVersionDate "2021.10.24"]
[SourceQuality "1"]

1. Nf3 d5 2. d4 Nc6 3. Bf4 Nf6 4. e3 Bg4 5. Be2 e6 6. Qd2 Bb4 7. c3 Ba5 8. b4 Bb6 9. a4 a6 10. a5 Ba7 11. Ne5 Bxe2 12. Qxe2 0-0 13. Nxc6 bxc6 14. Qf3 h6 15. h4 Re8 16. h5 Ne4 17. Qg4 Nf6 18. Qg3 Kh7 19. Nd2 Rg8 20. Qh3 Ne4 21. Nxe4 dxe4 22. Qg3 Rc8 23. Rh4 e5 24. Bxe5 Qg5 25. Rg4 1-0

[Event "SN-2019-0-00997"]
[Site "LSS email"]
[Date "2019.11.04"]
[Round "?"]
[White "Plastinin, Alexandr"]
[Black "Gorman, Andrew"]
[Result "0-1"]
[WhiteElo "1017"]
[BlackElo "656"]
[PlyCount "52"]
[EventDate "2019.10.24"]
[EventType "tourn (corr)"]
[EventRounds "6"]
[EventCountry "GER"]
[SourceTitle "Corr 2022"]
[Source "ChessBase"]
[SourceDate "2021.10.24"]
[SourceVersion "1"]
[SourceVersionDate "2021.10.24"]
[SourceQuality "1"]

1. e4 e5 2. Nf3 Nc6 3. Bc4 h6 4. 0-0 Nf6 5. Nc3 Bb4 6. a3 Bxc3 7. dxc3 d6 8. Qe2 0-0 9. h3 Re8 10. Nh2 Be6 11. b4 a6 12. f4 Bxc4 13. Qf3 Bxf1 14. Kxf1 Qe7 15. Ng4 Nxg4 16. Qxg4 exf4 17. Bxf4 Qxe4 18. Qg3 Qe2+ 19. Kg1 Re6 20. Rf1 Rae8 21. Rf2 Qe1+ 22. Kh2 Rg6 23. Qf3 Ne5 24. Bxe5 Qxe5+ 25. g3 Rf6 26. Qg2 Qxc3 0-1

[Event "SN-2019-0-00990"]
[Site "LSS email"]
[Date "2019.09.20"]
[Round "?"]
[White "Hughes, Peter James"]
[Black "Gorman, Andrew"]
[Result "1-0"]
[WhiteElo "505"]
[BlackElo "639"]
[PlyCount "71"]
[EventDate "2019.08.02"]
[EventType "tourn (corr)"]
[EventRounds "6"]
[EventCountry "GER"]
[SourceTitle "Corr 2022"]
[Source "ChessBase"]
[SourceDate "2021.10.24"]
[SourceVersion "1"]
[SourceVersionDate "2021.10.24"]
[SourceQuality "1"]

1. e4 e5 2. Nf3 Nc6 3. Bc4 Bc5 4. b4 Bxb4 5. c3 Ba5 6. 0-0 d6 7. d4 Bg4 8. d5 Nce7 9. Bg5 Nf6 10. Bxf6 gxf6 11. h3 Bh5 12. g4 Bg6 13. h4 h5 14. g5 fxg5 15. Nxg5 Rg8 16. Qf3 Qd7 17. Qe3 Qg4+ 18. Qg3 0-0-0 19. Qxg4+ hxg4 20. Be2 Bh5 21. c4 a6 22. Na3 f6 23. Ne6 Rde8 24. c5 Bb4 25. Nc4 Bxc5 26. Nxc5 dxc5 27. d6 Ng6 28. Rad1 Kd7 29. Rd2 Kc6 30. a4 Nf4 31. Rb1 Nxe2+ 32. Rxe2 cxd6 33. Reb2 g3 34. Rb6+ Kd7 35. Rxd6+ Ke7 36. Rxb7+ 1-0

[Event "SN-2018-0-00935"]
[Site "LSS email"]
[Date "2018.07.26"]
[Round "?"]
[White "Gorman, Andrew"]
[Black "Ermulin, Igor"]
[Result "1-0"]
[WhiteElo "621"]
[BlackElo "1104"]
[PlyCount "71"]
[EventDate "2018.06.27"]
[EventType "tourn (corr)"]
[EventRounds "6"]
[EventCountry "GER"]
[SourceTitle "Corr 2022"]
[Source "ChessBase"]
[SourceDate "2021.10.24"]
[SourceVersion "1"]
[SourceVersionDate "2021.10.24"]
[SourceQuality "1"]

1. e4 Nf6 2. Nc3 e5 3. Nf3 d6 4. Bc4 Be6 5. Bxe6 fxe6 6. d3 Be7 7. Bg5 Nc6 8. 0-0 0-0 9. Re1 Nd4 10. Nxd4 exd4 11. Nb5 e5 12. h3 c6 13. Na3 Nd7 14. Bxe7 Qxe7 15. Nc4 Qf6 16. Re2 d5 17. Nd2 b5 18. b4 a5 19. a3 axb4 20. axb4 Qd6 21. Rxa8 Rxa8 22. Qb1 Ra4 23. f3 c5 24. bxc5 Qxc5 25. exd5 Qxd5 26. Nb3 Nc5 27. Nxc5 Qxc5 28. Re4 Ra3 29. f4 exf4 30. Rxf4 b4 31. Qe1 Ra8 32. Qe4 Rd8 33. Rf5 Qd6 34. Qb7 Rf8 35. Rd5 Qe7 36. Qxe7 1-0

[Event "SN-2018-0-00935"]
[Site "LSS email"]
[Date "2018.07.26"]
[Round "?"]
[White "Gorman, Andrew"]
[Black "Neumann, Otto"]
[Result "0-1"]
[WhiteElo "621"]
[BlackElo "754"]
[PlyCount "80"]
[EventDate "2018.06.27"]
[EventType "tourn (corr)"]
[EventRounds "6"]
[EventCountry "GER"]
[SourceTitle "Corr 2022"]
[Source "ChessBase"]
[SourceDate "2021.10.24"]
[SourceVersion "1"]
[SourceVersionDate "2021.10.24"]
[SourceQuality "1"]

1. e4 c6 2. d4 d5 3. e5 Bf5 4. Bf4 e6 5. Bd3 Bxd3 6. Qxd3 Nd7 7. Nf3 c5 8. c3 c4 9. Qc2 b5 10. Nbd2 a5 11. a3 a4 12. 0-0 Ne7 13. Rfe1 Ng6 14. Bg3 Be7 15. h3 0-0 16. Nf1 Re8 17. Qd2 Nb8 18. Ne3 Nc6 19. Qe2 Na5 20. Nd2 Bh4 21. Bxh4 Qxh4 22. Nf3 Qe7 23. Kf1 Nf4 24. Qc2 Nb3 25. Rab1 h6 26. Nd2 Na5 27. Ne4 Nd3 28. Nd6 Reb8 29. Red1 Nf4 30. Nef5 Qg5 31. Ng3 h5 32. Nde4 Qh6 33. h4 dxe4 34. Qxe4 Nd3 35. f3 Nb3 36. Kg1 g6 37. Nf1 Nf4 38. Re1 Nd3 39. Qe3 Qf8 40. Nd2 Nxe1 0-1

[Event "SN-2018-0-00935"]
[Site "LSS email"]
[Date "2018.07.26"]
[Round "?"]
[White "Gorman, Andrew"]
[Black "Pliska, Miroslav"]
[Result "0-1"]
[WhiteElo "621"]
[BlackElo "1172"]
[PlyCount "92"]
[EventDate "2018.06.27"]
[EventType "tourn (corr)"]
[EventRounds "6"]
[EventCountry "GER"]
[SourceTitle "Corr 2022"]
[Source "ChessBase"]
[SourceDate "2021.10.24"]
[SourceVersion "1"]
[SourceVersionDate "2021.10.24"]
[SourceQuality "1"]

1. e4 c5 2. Nf3 Nc6 3. Bb5 a6 4. Bxc6 bxc6 5. d3 d5 6. 0-0 Bg4 7. h3 Bh5 8. Bf4 e6 9. Nbd2 Bd6 10. Bxd6 Qxd6 11. Re1 Ne7 12. c3 0-0 13. Qc2 Rfd8 14. e5 Qc7 15. d4 cxd4 16. Nxd4 Bg6 17. Qd1 Rab8 18. b3 Nf5 19. Nxf5 Bxf5 20. Nf3 c5 21. Qe2 Qe7 22. Rad1 h6 23. Kf1 Qb7 24. c4 dxc4 25. Rxd8+ Rxd8 26. Kg1 cxb3 27. Qb2 c4 28. axb3 Qxb3 29. Qxb3 cxb3 30. g4 Bc2 31. Rc1 Rd1+ 32. Rxd1 Bxd1 33. Nd2 a5 34. Nb1 a4 35. Na3 b2 36. Kf1 Bc2 37. Ke1 b1Q+ 38. Nxb1 Bxb1 39. Kd1 a3 40. Kc1 a2 41. Kb2 Kf8 42. f3 Ke7 43. f4 Kd7 44. g5 hxg5 45. fxg5 Kc6 46. h4 Kd5 0-1

[Event "SN-2018-0-00935"]
[Site "LSS email"]
[Date "2018.07.26"]
[Round "?"]
[White "Vontina, Maria"]
[Black "Gorman, Andrew"]
[Result "1-0"]
[WhiteElo "712"]
[BlackElo "621"]
[PlyCount "83"]
[EventDate "2018.06.27"]
[EventType "tourn (corr)"]
[EventRounds "6"]
[EventCountry "GER"]
[SourceTitle "Corr 2022"]
[Source "ChessBase"]
[SourceDate "2021.10.24"]
[SourceVersion "1"]
[SourceVersionDate "2021.10.24"]
[SourceQuality "1"]

1. e4 e5 2. Nf3 Nc6 3. Bb5 Nf6 4. 0-0 Bc5 5. d3 0-0 6. Bxc6 bxc6 7. Bg5 h6 8. Bh4 Qe8 9. Nbd2 d6 10. Nb3 Bb6 11. Qd2 Bg4 12. Ne1 Qe7 13. c3 Rad8 14. Nc2 Bh5 15. Ne3 Bxe3 16. Qxe3 Qe6 17. h3 c5 18. f4 Rde8 19. f5 Qd7 20. Bxf6 gxf6 21. g4 Bg6 22. fxg6 fxg6 23. Qxh6 Qh7 24. Qxh7+ Kxh7 25. Nd2 a5 26. Nc4 a4 27. Ne3 Re7 28. Nd5 Ref7 29. Rf2 Kg7 30. Raf1 c6 31. Ne3 Kh6 32. Nc4 f5 33. gxf5 Rf6 34. fxg6 Rxf2 35. Rxf2 Rd8 36. Rg2 d5 37. exd5 cxd5 38. Nxe5 Kg7 39. d4 c4 40. Rf2 Rf8 41. Rxf8 Kxf8 42. Kg2 1-0

[Event "SN-2017-0-00839"]
[Site "LSS email"]
[Date "2017.04.10"]
[Round "?"]
[White "Gorman, Andrew"]
[Black "Pliska, Miroslav"]
[Result "0-1"]
[WhiteElo "649"]
[BlackElo "1163"]
[PlyCount "64"]
[EventDate "2017.03.04"]
[EventType "tourn (corr)"]
[EventRounds "6"]
[EventCountry "GER"]
[SourceTitle "Corr 2022"]
[Source "ChessBase"]
[SourceDate "2021.10.24"]
[SourceVersion "1"]
[SourceVersionDate "2021.10.24"]
[SourceQuality "1"]

1. e4 Nf6 2. Nc3 d5 3. e5 d4 4. exf6 dxc3 5. fxg7 cxd2+ 6. Qxd2 Qxd2+ 7. Bxd2 Bxg7 8. 0-0-0 Bd7 9. Nf3 Nc6 10. Bb5 a6 11. Bxc6 Bxc6 12. Rhe1 Bxf3 13. gxf3 0-0-0 14. Bc3 Bxc3 15. Rxd8+ Rxd8 16. bxc3 e6 17. f4 Rg8 18. f5 Kd7 19. fxe6+ fxe6 20. h3 Rg2 21. Re2 Rh2 22. Rd2+ Ke7 23. f4 Rxh3 24. Kd1 Rxc3 25. Rh2 Ra3 26. Rxh7+ Kd6 27. Kd2 Rxa2 28. Rh6 Ra5 29. c4 Rf5 30. Ke3 b6 31. Ke4 a5 32. Rh1 Kc5 0-1

[Event "SN-2017-0-00836"]
[Site "LSS email"]
[Date "2017.03.12"]
[Round "?"]
[White "Gorman, Andrew"]
[Black "Kaupat, Lothar"]
[Result "1/2-1/2"]
[WhiteElo "679"]
[BlackElo "802"]
[PlyCount "68"]
[EventDate "2017.02.18"]
[EventType "tourn (corr)"]
[EventRounds "6"]
[EventCountry "GER"]
[SourceTitle "Corr 2022"]
[Source "ChessBase"]
[SourceDate "2021.10.24"]
[SourceVersion "1"]
[SourceVersionDate "2021.10.24"]
[SourceQuality "1"]

1. e4 e6 2. Ne2 d5 3. exd5 exd5 4. d4 Nf6 5. Ng3 Bd6 6. Bd3 0-0 7. 0-0 Re8 8. Re1 Nc6 9. h3 Be6 10. c3 Ne7 11. Bg5 Ng6 12. Bxg6 hxg6 13. Qf3 c5 14. a3 Qb6 15. b4 cxd4 16. Bxf6 gxf6 17. Qxf6 Be7 18. Qxd4 Qxd4 19. cxd4 Rac8 20. Nd2 Rc2 21. Nb3 Rec8 22. Nc5 Bxc5 23. bxc5 Bd7 24. Re2 Rxe2 25. Nxe2 Bb5 26. Nf4 Bc4 27. Re1 Kf8 28. g4 b5 29. cxb6 axb6 30. Re3 Ra8 31. Kg2 Ra4 32. h4 Ba2 33. Ne2 Bc4 34. Nf4 Ba2 1/2-1/2

[Event "SN-2017-0-00836"]
[Site "LSS email"]
[Date "2017.03.12"]
[Round "?"]
[White "Gorman, Andrew"]
[Black "Sagis, Raju"]
[Result "1-0"]
[WhiteElo "679"]
[BlackElo "310"]
[PlyCount "83"]
[EventDate "2017.02.18"]
[EventType "tourn (corr)"]
[EventRounds "6"]
[EventCountry "GER"]
[SourceTitle "Corr 2022"]
[Source "ChessBase"]
[SourceDate "2021.10.24"]
[SourceVersion "1"]
[SourceVersionDate "2021.10.24"]
[SourceQuality "1"]

1. e4 e5 2. Nf3 d6 3. Bc4 Nf6 4. Nc3 Be6 5. Bxe6 fxe6 6. d3 Nc6 7. h3 Qd7 8. Bg5 0-0-0 9. 0-0 Be7 10. Re1 h6 11. Bxf6 Bxf6 12. a3 a6 13. Qe2 g5 14. g3 Nd4 15. Nxd4 exd4 16. Nd1 e5 17. Kg2 d5 18. c4 dxe4 19. dxe4 Be7 20. b4 Rhf8 21. Qd3 h5 22. f3 g4 23. fxg4 hxg4 24. h4 c6 25. c5 Rf6 26. Nb2 Rf3 27. Qe2 Rdf8 28. Nd3 R8f6 29. Nxe5 d3 30. Nxd7 Kxd7 31. Rad1 Rd6 32. Qd2 Bf6 33. e5 Bxe5 34. Rxe5 Kc7 35. Qg5 Rd4 36. Re7+ Kb8 37. Qe5+ Ka7 38. Qxd4 Rf8 39. Qd7 Rb8 40. Qxc6 Ka8 41. Qb6 d2 42. Rxd2 1-0

[Event "SN-2017-0-00836"]
[Site "LSS email"]
[Date "2017.03.12"]
[Round "?"]
[White "Lenz, Juergen"]
[Black "Gorman, Andrew"]
[Result "1-0"]
[WhiteElo "1027"]
[BlackElo "679"]
[PlyCount "83"]
[EventDate "2017.02.18"]
[EventType "tourn (corr)"]
[EventRounds "6"]
[EventCountry "GER"]
[SourceTitle "Corr 2022"]
[Source "ChessBase"]
[SourceDate "2021.10.24"]
[SourceVersion "1"]
[SourceVersionDate "2021.10.24"]
[SourceQuality "1"]

1. d4 d5 2. Bf4 Bg4 3. h3 Bh5 4. c4 Nc6 5. Qa4 e6 6. e3 Nf6 7. Nc3 a6 8. g4 Bg6 9. Bg2 Qd7 10. cxd5 Nxd5 11. Nxd5 exd5 12. Nf3 Bd6 13. Bxd6 Qxd6 14. 0-0 0-0 15. Qb3 Na5 16. Qc3 Nc4 17. b3 Nb6 18. Ne5 Be4 19. f3 Bg6 20. Qc5 Qxc5 21. dxc5 Nc8 22. Rad1 c6 23. f4 Bc2 24. Rd2 Be4 25. Bxe4 dxe4 26. Rd7 b6 27. Rc7 bxc5 28. Rxc6 f6 29. Nc4 Rd8 30. Rxc5 Kf8 31. Rc1 Ne7 32. Kf2 Kf7 33. Ke2 g6 34. Nd2 f5 35. Rc7 fxg4 36. hxg4 Ke8 37. Nxe4 Kf7 38. g5 Ke6 39. Kf3 Nd5 40. Rxh7 Ne7 41. Rc7 Nd5 42. Rc6+ 1-0

[Event "SN-2017-0-00835"]
[Site "LSS email"]
[Date "2017.03.05"]
[Round "?"]
[White "Newton, Daryl"]
[Black "Gorman, Andrew"]
[Result "0-1"]
[WhiteElo "333"]
[BlackElo "690"]
[PlyCount "144"]
[EventDate "2017.02.10"]
[EventType "tourn (corr)"]
[EventRounds "6"]
[EventCountry "GER"]
[SourceTitle "Corr 2022"]
[Source "ChessBase"]
[SourceDate "2021.10.24"]
[SourceVersion "1"]
[SourceVersionDate "2021.10.24"]
[SourceQuality "1"]

1. e4 e5 2. Nf3 Nc6 3. Bc4 Nf6 4. d3 h6 5. c3 d6 6. Be3 a6 7. Qb3 Qe7 8. Nbd2 Na5 9. Qa4+ Nc6 10. b4 Bd7 11. b5 Na7 12. Qb3 Be6 13. bxa6 b6 14. d4 exd4 15. Bxd4 Bxc4 16. Qxc4 Rc8 17. a4 c5 18. Be3 Qe6 19. Rb1 Qxc4 20. Nxc4 Nxe4 21. 0-0 d5 22. Nxb6 Rc6 23. Nxd5 Bd6 24. h3 0-0 25. Nb6 Nxc3 26. Rb2 Rb8 27. Nc4 Rxb2 28. Re1 Ra2 29. a5 Rxa6 30. Bd2 Nd5 31. Re8+ Bf8 32. Rd8 Nf6 33. Be3 Nc6 34. Rc8 Nxa5 35. Bxc5 Nxc4 36. Bxf8 Ra8 37. Rxc4 Rxf8 38. Rf4 Rb8 39. g4 Rb1+ 40. Kg2 Kh7 41. h4 Rbb2 42. Ne5 Nd5 43. Rxf7 Nf6 44. g5 hxg5 45. hxg5 Rxf2+ 46. Kg3 Ne4+ 47. Kg4 Rxf7 48. Nxf7 g6 49. Kf4 Ra4 50. Ke5 Ng3 51. Ke6 Ra5 52. Kf6 Rf5+ 53. Ke6 Ne4 54. Ke7 Nxg5 55. Nd6 Rf1 56. Ne8 Ne4 57. Nc7 g5 58. Nd5 Kg7 59. Ne3 Rf7+ 60. Ke6 Nf2 61. Kd5 g4 62. Nf1 Kg6 63. Kd4 Nh1 64. Ne3 g3 65. Kd3 Rf3 66. Ke2 Rxe3+ 67. Kf1 Ra3 68. Kg2 Nf2 69. Kf1 Kg5 70. Kg2 Kg4 71. Kf1 Kf3 72. Kg1 Ra1# 0-1

[Event "SN-2017-0-00835"]
[Site "LSS email"]
[Date "2017.03.04"]
[Round "?"]
[White "Gorman, Andrew"]
[Black "Caviglia, Maximiliano"]
[Result "0-1"]
[WhiteElo "690"]
[BlackElo "1007"]
[PlyCount "46"]
[EventDate "2017.02.10"]
[EventType "tourn (corr)"]
[EventRounds "6"]
[EventCountry "GER"]
[SourceTitle "Corr 2022"]
[Source "ChessBase"]
[SourceDate "2021.10.24"]
[SourceVersion "1"]
[SourceVersionDate "2021.10.24"]
[SourceQuality "1"]

1. e4 e5 2. Nf3 Nf6 3. Nc3 Nc6 4. g3 d6 5. Bg2 Be7 6. h3 0-0 7. 0-0 Be6 8. d3 h6 9. Re1 Qd7 10. g4 Nxg4 11. hxg4 Bxg4 12. Nd5 Nd4 13. Nxe7+ Qxe7 14. Be3 f5 15. Qd2 Nxf3+ 16. Bxf3 Bxf3 17. Bxh6 gxh6 18. Qxh6 Qg7+ 19. Qxg7+ Kxg7 20. Re3 Bh5 21. Rg3+ Kf6 22. Rh3 Rh8 23. Kh2 Bg4 0-1

[Event "SN-2017-0-00834"]
[Site "LSS email"]
[Date "2017.02.25"]
[Round "?"]
[White "Strnad, Pavel"]
[Black "Gorman, Andrew"]
[Result "0-1"]
[WhiteElo "483"]
[BlackElo "690"]
[PlyCount "40"]
[EventDate "2017.02.06"]
[EventType "tourn (corr)"]
[EventRounds "6"]
[EventCountry "GER"]
[SourceTitle "Corr 2022"]
[Source "ChessBase"]
[SourceDate "2021.10.24"]
[SourceVersion "1"]
[SourceVersionDate "2021.10.24"]
[SourceQuality "1"]

1. e4 e5 2. Nf3 Nc6 3. Bc4 Nf6 4. Nc3 Nxe4 5. Nxe4 d5 6. Bxd5 Qxd5 7. d3 Bg4 8. h3 Bh5 9. Be3 Bd6 10. Bh6 f5 11. Bxg7 fxe4 12. g4 Bxg4 13. Bxh8 Bxf3 14. c4 Qd4 15. Qd2 Bxh1 16. Qg5 Bb4+ 17. Kd1 Qxd3+ 18. Kc1 Qxc4+ 19. Kb1 Qd3+ 20. Kc1 Qf1+ 0-1

[Event "SN-2017-0-00834"]
[Site "LSS email"]
[Date "2017.02.24"]
[Round "?"]
[White "Vontina, Maria"]
[Black "Gorman, Andrew"]
[Result "1-0"]
[WhiteElo "701"]
[BlackElo "690"]
[PlyCount "71"]
[EventDate "2017.02.06"]
[EventType "tourn (corr)"]
[EventRounds "6"]
[EventCountry "GER"]
[SourceTitle "Corr 2022"]
[Source "ChessBase"]
[SourceDate "2021.10.24"]
[SourceVersion "1"]
[SourceVersionDate "2021.10.24"]
[SourceQuality "1"]

1. e4 e5 2. Nf3 Nc6 3. Bb5 a6 4. Ba4 Nge7 5. 0-0 d5 6. exd5 Nxd5 7. Bxc6+ bxc6 8. Nxe5 Bd6 9. Nxc6 Qg5 10. Qe2+ Be6 11. g3 0-0 12. d3 Qg6 13. Nd2 Rfe8 14. Ne4 Bd7 15. Nd4 Bh3 16. Re1 h6 17. Qf3 Qg4 18. Qxg4 Bxg4 19. Bd2 Rab8 20. Nxd6 cxd6 21. Rxe8+ Rxe8 22. a3 Rb8 23. b4 g5 24. c4 Nf6 25. Nc6 Re8 26. Re1 Rxe1+ 27. Bxe1 Kf8 28. Bc3 Nd7 29. Kf1 f5 30. Nd4 Ne5 31. Ne6+ Ke7 32. Nc7 Nf3 33. Kg2 Kd7 34. Nxa6 Kc6 35. h3 Bh5 36. d4 1-0

[Event "SN-2017-0-00827"]
[Site "LSS email"]
[Date "2017.01.29"]
[Round "?"]
[White "Gorman, Andrew"]
[Black "Hughes, Chris"]
[Result "0-1"]
[WhiteElo "709"]
[BlackElo "803"]
[PlyCount "54"]
[EventDate "2017.01.14"]
[EventType "tourn (corr)"]
[EventRounds "6"]
[EventCountry "GER"]
[SourceTitle "Corr 2022"]
[Source "ChessBase"]
[SourceDate "2021.10.24"]
[SourceVersion "1"]
[SourceVersionDate "2021.10.24"]
[SourceQuality "1"]

1. e4 e6 2. d4 d5 3. e5 c5 4. c3 Nc6 5. Nf3 Bd7 6. Be2 f6 7. 0-0 fxe5 8. Nxe5 Nxe5 9. dxe5 Bc6 10. c4 Ne7 11. h3 Ng6 12. cxd5 Bxd5 13. Bb5+ Bc6 14. Qxd8+ Rxd8 15. Bxc6+ bxc6 16. f4 Be7 17. Nc3 0-0 18. g3 Rd3 19. Re1 Rxg3+ 20. Kh2 Bh4 21. Rg1 Rf3 22. Bd2 Nxf4 23. Bxf4 R3xf4 24. Ne2 Rf2+ 25. Rg2 Rxg2+ 26. Kxg2 Rf2+ 27. Kg1 Rxe2 0-1

[Event "SN-2017-0-00827"]
[Site "LSS email"]
[Date "2017.01.29"]
[Round "?"]
[White "Vontina, Maria"]
[Black "Gorman, Andrew"]
[Result "1-0"]
[WhiteElo "732"]
[BlackElo "709"]
[PlyCount "43"]
[EventDate "2017.01.14"]
[EventType "tourn (corr)"]
[EventRounds "6"]
[EventCountry "GER"]
[SourceTitle "Corr 2022"]
[Source "ChessBase"]
[SourceDate "2021.10.24"]
[SourceVersion "1"]
[SourceVersionDate "2021.10.24"]
[SourceQuality "1"]

1. e4 e5 2. Nf3 Nc6 3. Bb5 a6 4. Ba4 Nf6 5. 0-0 Be7 6. Re1 d6 7. h3 b5 8. Bb3 Na5 9. c3 h6 10. Bc2 Bd7 11. d4 0-0 12. Nbd2 Bc6 13. Nf1 Re8 14. Ng3 Bb7 15. d5 Nc4 16. Nf5 Nh5 17. Nxe5 Nf6 18. Nxc4 bxc4 19. Qf3 Bc8 20. Qg3 Bxf5 21. exf5 Nh5 22. Qg4 1-0

[Event "SN-2017-0-00824"]
[Site "LSS email"]
[Date "2017.01.19"]
[Round "?"]
[White "Lauer, Frederic"]
[Black "Gorman, Andrew"]
[Result "1-0"]
[WhiteElo "1226"]
[BlackElo "727"]
[PlyCount "81"]
[EventDate "2016.12.28"]
[EventType "tourn (corr)"]
[EventRounds "6"]
[EventCountry "GER"]
[SourceTitle "Corr 2022"]
[Source "ChessBase"]
[SourceDate "2021.10.24"]
[SourceVersion "1"]
[SourceVersionDate "2021.10.24"]
[SourceQuality "1"]

1. e4 e5 2. Nf3 Nc6 3. Nc3 Nf6 4. d4 exd4 5. Nxd4 Bb4 6. Nxc6 bxc6 7. Bd3 Bb7 8. 0-0 h6 9. Bd2 0-0 10. a3 Ba5 11. h3 Bxc3 12. Bxc3 d5 13. e5 Ne4 14. Bxe4 dxe4 15. Qg4 c5 16. Rad1 Qg5 17. Qxg5 hxg5 18. Rd7 Rac8 19. Ba5 Rfd8 20. Rfd1 Rxd7 21. Rxd7 Bc6 22. Rxc7 Rxc7 23. Bxc7 Kf8 24. Bd6+ Ke8 25. Bxc5 a6 26. b4 Kd7 27. Bf8 g6 28. Kf1 Ke6 29. Bg7 Bb5+ 30. Ke1 Kd5 31. Bf6 Ba4 32. Kd2 Kc4 33. Bxg5 Kd4 34. Bf6 Kd5 35. Kc3 Bb5 36. h4 Bf1 37. g3 Be2 38. a4 Bc4 39. Kd2 Bf1 40. g4 Kd4 41. e6+ 1-0

[Event "RN-2017-0-01247"]
[Site "LSS email"]
[Date "2017.01.18"]
[Round "?"]
[White "Pauk, Jozef"]
[Black "Gorman, Andrew"]
[Result "1-0"]
[WhiteElo "798"]
[BlackElo "724"]
[PlyCount "61"]
[EventDate "2017.01.06"]
[EventType "tourn (corr)"]
[EventRounds "6"]
[EventCountry "GER"]
[SourceTitle "Corr 2022"]
[Source "ChessBase"]
[SourceDate "2021.10.24"]
[SourceVersion "1"]
[SourceVersionDate "2021.10.24"]
[SourceQuality "1"]

1. e4 e5 2. d3 Nf6 3. Bg5 Nc6 4. Nf3 Be7 5. h4 h6 6. Be3 0-0 7. h5 Ng4 8. Bd2 d6 9. Nc3 Nd4 10. Nxd4 exd4 11. Nd5 Re8 12. Be2 Ne5 13. Qc1 c6 14. Nxe7+ Qxe7 15. f4 Nd7 16. Rh3 b6 17. f5 f6 18. Rg3 Kh7 19. Bxh6 Rg8 20. Bf4 Ne5 21. Kf2 Nf7 22. Rg6 Bb7 23. h6 gxh6 24. Bxh6 Rxg6 25. fxg6+ Kxg6 26. Bf4 Rh8 27. Bg4 Ne5 28. Bxe5 fxe5 29. Bf5+ Kf6 30. Qd2 Qh7 31. Bxh7 1-0

[Event "SN-2016-0-00820"]
[Site "LSS email"]
[Date "2016.12.29"]
[Round "?"]
[White "Vontina, Maria"]
[Black "Gorman, Andrew"]
[Result "0-1"]
[WhiteElo "695"]
[BlackElo "739"]
[PlyCount "68"]
[EventDate "2016.12.06"]
[EventType "tourn (corr)"]
[EventRounds "6"]
[EventCountry "GER"]
[SourceTitle "Corr 2022"]
[Source "ChessBase"]
[SourceDate "2021.10.24"]
[SourceVersion "1"]
[SourceVersionDate "2021.10.24"]
[SourceQuality "1"]

1. e4 e5 2. Nf3 Nc6 3. Bb5 Qf6 4. 0-0 Nge7 5. Re1 a6 6. Ba4 b5 7. Bb3 Bb7 8. c3 g6 9. Bc2 Bg7 10. d4 0-0 11. dxe5 Nxe5 12. Bg5 Nxf3+ 13. Qxf3 Qxg5 14. Qg3 Qxg3 15. hxg3 Rae8 16. Nd2 d5 17. exd5 Nxd5 18. Nf3 Rxe1+ 19. Rxe1 f6 20. Nd4 Bc8 21. a3 f5 22. Nf3 Bb7 23. Bb3 Kh8 24. Kf1 Nf6 25. Re7 Bxf3 26. gxf3 c6 27. Rc7 a5 28. Rxc6 b4 29. cxb4 axb4 30. axb4 Rb8 31. Bc4 h5 32. b5 Nd7 33. Rxg6 Ne5 34. Rg5 Nxc4 0-1

[Event "RN-2016-0-01230"]
[Site "LSS email"]
[Date "2016.12.14"]
[Round "?"]
[White "Venturas, Bob"]
[Black "Gorman, Andrew"]
[Result "1/2-1/2"]
[WhiteElo "544"]
[BlackElo "734"]
[PlyCount "59"]
[EventDate "2016.12.09"]
[EventType "tourn (corr)"]
[EventRounds "6"]
[EventCountry "GER"]
[SourceTitle "Corr 2022"]
[Source "ChessBase"]
[SourceDate "2021.10.24"]
[SourceVersion "1"]
[SourceVersionDate "2021.10.24"]
[SourceQuality "1"]

1. e4 e5 2. Nf3 Nc6 3. a3 Nf6 4. Nc3 Bc5 5. Bc4 d6 6. h3 0-0 7. d3 h6 8. Bd5 Nxd5 9. Nxd5 Be6 10. b4 Bb6 11. c4 Nd4 12. Be3 Nxf3+ 13. Qxf3 Bxe3 14. Qxe3 Bxd5 15. cxd5 a6 16. 0-0 Qg5 17. Qxg5 hxg5 18. g3 f5 19. exf5 Rxf5 20. Rfe1 Raf8 21. Ra2 Rf3 22. Rd2 b5 23. Ree2 Kh7 24. Kg2 Kh6 25. g4 Kg6 26. Re3 R3f4 27. Re4 Rf3 28. Re3 R3f4 29. Re4 Rf3 30. Re3 1/2-1/2

[Event "RN-2016-0-01226"]
[Site "LSS email"]
[Date "2016.12.10"]
[Round "?"]
[White "Bester, Kazimierz"]
[Black "Gorman, Andrew"]
[Result "1-0"]
[WhiteElo "708"]
[BlackElo "752"]
[PlyCount "49"]
[EventDate "2016.11.28"]
[EventType "tourn (corr)"]
[EventRounds "6"]
[EventCountry "GER"]
[SourceTitle "Corr 2022"]
[Source "ChessBase"]
[SourceDate "2021.10.24"]
[SourceVersion "1"]
[SourceVersionDate "2021.10.24"]
[SourceQuality "1"]

1. f4 Nc6 2. Nf3 g6 3. e3 Bg7 4. Be2 d6 5. 0-0 Nf6 6. c3 Bf5 7. d3 0-0 8. Nbd2 Re8 9. e4 Bg4 10. h3 Bxf3 11. Nxf3 e5 12. fxe5 Nxe5 13. Bg5 Qd7 14. Nxe5 Rxe5 15. Bxf6 Bxf6 16. Rxf6 Qe7 17. Rf2 Qh4 18. Bf3 Rg5 19. Qb3 Qxh3 20. Qxb7 Re8 21. Qxc7 Qc8 22. Qxd6 Rd8 23. Qf6 h6 24. d4 Qe6 25. Qxd8+ 1-0